| 000 | 01445nam a2200385 i 4500 | ||
|---|---|---|---|
| 001 | 56144 | ||
| 003 | KOSZ 005 | ||
| 005 | 20210303142102.0 | ||
| 008 | 090408s2008 pl |001 0 pol | ||
| 040 |
_cKOSZ 005 _aKOSZ 005 _dKOSZ 005/HR |
||
| 041 | 0 |
_apol _beng |
|
| 046 | _k2008 | ||
| 080 | _a005.52:005.33 | ||
| 080 | _a658.1/.5 | ||
| 080 | _a005.334 | ||
| 100 | 1 |
_aZawiła-Niedźwiecki, Janusz _eAutor |
|
| 245 | 1 | 0 |
_aCiągłość działania organizacji / _cJanusz Zawiła-Niedźwiecki. |
| 260 |
_aWarszawa : _bOficyna Wydawnicza Politechniki Warszawskiej, _c2008. |
||
| 300 |
_a107, [1] s. : _bil. ; _c24 cm. |
||
| 380 | _aKsiążki | ||
| 388 | _a2001- | ||
| 490 | 1 |
_aPrace Naukowe. Organizacja i Zarządzanie Przemysłem, _x0860-2506 ; _vZ.20 |
|
| 500 | _aOpis wg okł. Tyt. nagł. serii : Prace Naukowe Politechniki Warszawskiej. | ||
| 504 | _aBibliogr. s.102-107. | ||
| 650 | 4 | _aOrganizacja | |
| 650 | 4 | _aZarządzanie | |
| 650 | 4 | _aRyzyko gospodarcze | |
| 650 | 4 | _aZarządzanie ryzykiem | |
| 650 | 4 | _aZarządzanie kryzysowe | |
| 658 | _aZarządzanie i marketing | ||
| 710 | _aOficyna Wydawnicza Politechniki Warszawskiej | ||
| 830 | 0 |
_aPrace Naukowe - Politechnika Warszawska. _pOrganizacja i Zarządzanie Przemysłem _vz. 20 |
|
| 856 |
_uhttp://koha.tu.koszalin.pl/cgi-bin/koha/opac-detail.pl?biblionumber=56144 _yKatalog online BPK |
||
| 942 |
_cKS _2UKD |
||
| 999 |
_c56144 _d56144 |
||